Rio Ave FC Squad 2023-2024 - Statistics

General Stats
  • This quiz has been taken 11 times
  • The average score is 16 of 35
Answer Stats
# Position Nation Player % Correct
15 MF Portugal Adrien Silva
75%
22 FW Ghana Emmanuel Boateng
75%
28 DF Portugal Hélder Sá
75%
23 DF Portugal Josué Sá
75%
9 FW Colombia Leonardo Ruiz
75%
- Coach Portugal Luís Freire
75%
33 DF Brazil Aderllan Santos
50%
95 FW Portugal André Pereira
50%
81 FW Ghana Aziz
50%
20 DF Portugal Costinha
50%
77 FW Portugal Fábio Ronaldo
50%
6 MF Portugal Guga
50%
7 FW Portugal Hernâni
50%
21 MF Portugal João Graça
50%
14 FW Portugal Joca
50%
1 GK Brazil Lucas Flores
50%
82 GK Brazil Magrão
50%
27 FW Greece Marios Vrousai
50%
4 DF Brazil Patrick William
50%
42 DF Croatia Renato Pantalon
50%
16 DF Brazil Sávio
50%
8 MF Portugal Vítor Gomes
50%
70 FW Portugal Zé Manuel
50%
39 FW Netherlands Amine Rehmi
25%
11 MF Portugal Bruno Ventura
25%
12 GK Poland Cezary Miszta
25%
24 DF Colombia Cristian Castro
25%
18 GK Brazil Jhonatan
25%
7 MF Portugal João Teixeira
25%
5 MF Argentina Mateo Tanlongo
25%
3 DF Portugal Miguel Nóbrega
25%
75 DF Portugal Nuno Namora
25%
17 FW Portugal Ukra
25%
11 FW Portugal Úmaro Embaló
25%
10 MF Morocco Amine
0%
No matching quizzes found
Score Distribution
Percent of People with Each Score
Percentile by Number Answered
Your Score History
You have not taken this quiz